[Event "Elgoibar 13th"]
[Site "Elgoibar"]
[Date "2003.12.11"]
[Round "9.3"]
[White "Gomez Esteban, Juan Mario"]
[Black "Perez Candelario, Manuel"]
[Result "1-0"]
[WhiteElo "2465"]
[BlackElo "2463"]
[Annotator "Finkel,A"]
[PlyCount "57"]
[EventDate "2003.11.03"]
[EventType "tourn"]
[EventRounds "9"]
[EventCountry "ESP"]
[EventCategory "9"]
[SourceTitle "CBM 099"]
[Source "ChessBase"]
[SourceDate "2004.03.30"]
[SourceVersion "1"]
[SourceVersionDate "2004.03.30"]
[SourceQuality "1"]

1. d4 e6 2. e4 d5 3. Nd2 dxe4 4. Nxe4 Nd7 5. Nf3 Ngf6 6. Nxf6+ Nxf6 7. c3 Be7 {
This variation has become very popular recently, but in most of the cases
black played 7...c5. The move in the game is less ambitious, but it seems that
black has good chances to equalize after it.} (7... c5) 8. Bd3 O-O 9. Qe2 b6
10. Bg5 Bb7 11. O-O-O (11. O-O h6 (11... Bxf3 12. Qxf3 Qd5 13. Qxd5 Nxd5 14.
Bxe7 Nxe7 15. Rfe1 Rad8 $11 {\Johnsen,S-Guindy,E/Nykobing 1991}) (11... c5 12.
dxc5 Bxc5 13. Rad1 Qc7 14. Ne5 Rfd8 15. Bh4 Rd5 16. Bg3 Rad8 $11 {Hracek,
Z-Rahman,Z/Bled 2002}) 12. Bh4 Nh5 13. Bxe7 Qxe7 14. Be4 Bxe4 15. Qxe4 Nf6 16.
Qe2 c5 $11 {Asrian,K-Minasian,A/Batumi 2002}) (11. Rd1 h6 12. Bh4 Nh5 13. Bg3
Nxg3 14. hxg3 Bf6 15. Be4 Bxe4 16. Qxe4 Qd5 $11 {Eingorn,V-Legky,N/Metz 2002})
11... Qd5 (11... Nd7 12. Bf4 Bd6 13. Ne5 Qe7 14. Qe3 Rfe8 15. Bb5 Nxe5 16. dxe5
Bc5 17. Qg3 c6 18. Bd3 $16 {Lima,D-Teixeira,R/Rio de Janeiro 2003}) 12. Kb1
Rad8 {This move appears to be a new one, at least according to my database.} (
12... h6 13. h4 Rfd8 14. Ne5 c5 15. f3 cxd4 16. Bc4 Qd6 17. Bf4 Nd5 18. Nxf7
Qxf4 19. Nxd8 Rxd8 20. Qxe6+ Qf7 $132 {Velimirovic,D-Kosic,D/Belgrade 1999})
13. Rhe1 Qa5 {Black's plan is to push c5 that's why the queen has to be
removed from the d-file.} 14. Ne5 h6 (14... c5 15. Nc4 (15. dxc5 bxc5 16. Qc2
h6 17. Bxf6 Bxf6 18. Nd7 $2 Rxd7 $1 19. Bh7+ Kh8 20. Rxd7 Bd5 {[%csl Rb1,Rh7]}
21. a3 Rb8 22. Kc1 Bb3 23. Qe4 Bxc3 $19) 15... Qa4 16. dxc5 bxc5 17. b3 Qe8 18.
f4 Nd5 $132) 15. Bd2 {[%csl Ra5]} c5 16. c4 Qa4 17. dxc5 (17. Ng6 $6 fxg6 18.
Qxe6+ Rf7 19. Bxg6 Rdf8 $15) 17... bxc5 $6 {Dubious decision, which is the
source of black's problems. There was nothing wrong with the natural 17...Bxc5
initiating multiple changes over the d-file.} (17... Bxc5 18. Bc2 Qe8 19. Bc3
Qe7 20. f4 Rxd1+ 21. Rxd1 Rd8 $11) 18. Bc2 Qa6 19. Bc3 Rfe8 $6 (19... Rxd1+ 20.
Rxd1 Rd8 21. Re1 (21. Rxd8+ Bxd8 22. Ng4 Nd5 23. Bd2 Nf6 $11)) 20. f4 Qb6 (
20... Rxd1+ 21. Rxd1 Nd5 22. Qd3 Nf6 (22... Nxc3+ 23. bxc3 $1 f5 24. Qd7 Kf8
25. Ba4 $18) 23. Qe3 $14) 21. Rxd8 Rxd8 22. g4 $40 {[%cal Gg4g5] White's
attack is extremly dangerous.} Nd7 23. g5 Nxe5 24. Bxe5 (24. Qxe5 $142 $1 f6
25. Qe2 hxg5 26. Ba5 $1 Qxa5 27. Qxe6+ $18) 24... hxg5 25. fxg5 Bxg5 26. Rg1 f6
$2 {Black's position is pretty tough anyway'but it was still possible to
defend after the correct} (26... Bh6 $8 27. Qh5 (27. Qg4 Rd7 28. Bxg7 $140 $4
f5 $19) 27... Kf8 28. Qg4 Ke7 29. Bxg7 Be3 $14) 27. Qh5 $1 $18 {Now it's all
over.} Qa5 (27... fxe5 28. Qh7+ Kf7 29. Rxg5 Rg8 30. Bg6+ Kf8 31. Rg1 Qd8 32.
Rf1+ Ke7 33. Rf7+ $18) 28. Bc3 Qc7 29. Rxg5 (29. Rxg5 fxg5 30. Qh7+ Kf8 31.
Qh8+ Ke7 32. Qxg7+ Kd6 33. Be5+ Kc6 34. Qxc7#) 1-0

[Event "Elgoibar 13th"]
[Site "Elgoibar"]
[Date "2003.12.08"]
[Round "6.3"]
[White "Korneev, Oleg"]
[Black "Conquest, Stuart"]
[Result "1-0"]
[WhiteElo "2559"]
[BlackElo "2545"]
[Annotator "Finkel,A"]
[PlyCount "101"]
[EventDate "2003.11.03"]
[EventType "tourn"]
[EventRounds "9"]
[EventCountry "ESP"]
[EventCategory "9"]
[SourceTitle "CBM 099"]
[Source "ChessBase"]
[SourceDate "2004.03.30"]
[SourceVersion "1"]
[SourceVersionDate "2004.03.30"]
[SourceQuality "1"]

{[%mdl 2]} 1. e4 e6 2. d4 d5 3. Nc3 dxe4 4. Nxe4 Bd7 5. Nf3 Bc6 6. Bd3 Nd7 7.
O-O Ngf6 8. Ng3 Be7 9. c4 (9. b3 O-O 10. Bb2 Bxf3 11. Qxf3 c6 12. c4 Re8 13.
Rfe1 Nf8 14. h4 $5 Qc7 15. Rac1 $14 {Shirov,A-Huebner,R/Muenchen 1993}) 9...
O-O 10. Bf4 Bxf3 {White was ready to put the knight on e5 so black prefers to
prevent it by giving up his lightsquared bishop.} (10... Re8 11. Ne5 Nxe5 12.
dxe5 Nd7 13. Qh5 g6 14. Qe2 Bf8 15. Ne4 Bxe4 16. Bxe4 Nc5 17. Rfd1 Qh4 {
1/2-1/2 Natter,S-Kranewitter,N/Wattens 1993/EXT 2000 (17)}) 11. Qxf3 c6 (11...
c5 12. dxc5 Nxc5 13. Bc2 Qd4 14. b3 Rfd8 15. Rfe1 Qb2 16. Qe2 Kf8 17. Be5 Qa3
18. Bc3 Ncd7 19. Ne4 {1/2-1/2 Palamidas,E-Delithanasis,D/Ano Liosia 1992/EXT
2003 (19)}) 12. Rad1 Re8 (12... Qb6 13. Bc1 Rfd8 14. Rfe1 Nf8 $2 15. Nf5 Qc7
16. Qg3 $18 {Ponomariov,R-Malikgulyew,V/Zagan 1997}) 13. h4 {The main problem
of black in this line is the lack of active counterplay, so white can afford
himself to start actions on the kingside.} (13. Bb1 Bf8 (13... Qb6 $146 14. Qc3
Bb4 15. Qc2 Bf8 16. Rd3 g6 17. h3 c5 $5 18. d5 $14 {Solozhenkin,E-Rustemov,A/
Elista 1996}) 14. Rfe1 g6 15. h3 Bg7 16. a3 a5 17. Ba2 $14 {Chandler,M-Richter,
W/Germany 1992/GER-chT}) 13... Qa5 14. a3 e5 15. b4 Qc7 16. dxe5 Nxe5 17. Bxe5
Qxe5 18. Rfe1 Qc7 19. Nf5 Rad8 ({Another alternative was hardly better.} 19...
Bf8 20. Nh6+ $1 Kh8 21. Qf5 $1 {[%csl Rf6,Rf7,Rh7]} Rxe1+ 22. Rxe1 Rd8 23. Bc2
Qd7 (23... Rd6 24. c5 Rd5 25. Re8 $1 $18) 24. Rd1 Qxf5 25. Rxd8 $1 $18) 20. g4
$1 Bf8 21. g5 Rxe1+ (21... Nd7 22. Rxe8 Rxe8 23. Nh6+ $1 gxh6 24. Bxh7+ Kxh7
25. Qxf7+ Bg7 26. g6+ Kh8 27. Qxe8+ Nf8 28. Rd8 $16) 22. Rxe1 Ne8 23. c5 $1 {
[%csl Gd6]} Qd7 (23... g6 24. Nh6+ Bxh6 25. gxh6 Qd7 26. h5 Nc7 27. Bc4 $16)
24. Bc4 Nc7 25. Kg2 (25. h5 Ne6 26. g6 Kh8 27. gxf7 Ng5 28. Qg4 Nxf7 29. Kg2
$16 {[%cal Ge1e7]}) 25... Ne6 26. Re4 Re8 27. Qg4 Qd8 28. Bxe6 Rxe6 (28... fxe6
29. Nd4 Qd5 30. Nxe6 g6 31. Kg1 $16) 29. Rxe6 fxe6 30. Nd4 {[%csl Re6] White's
knight is far stronger than the bishop, so black's defensive task is far from
being simple.} Qd5+ 31. Kg1 Kf7 32. Qf4+ Kg8 33. Qe3 Kf7 34. Nf3 $1 {[%cal
Gf3e5]} Qf5 $1 (34... g6 $2 35. Ne5+ Ke8 36. Qf4 $18) 35. Ne5+ Kg8 36. Kg2 Be7
$6 {Too passive. It was necessary to play} (36... g6 {[%csl Ge5][%cal Gf8g7]
trying to activate the bishop.} 37. Qd4 Bg7 38. Qd8+ Bf8 (38... Qf8 39. Qd7 $1
$16) 39. Qb8 (39. Qf6 Qxf6 40. gxf6 Bh6 41. Nc4 Kf7 42. Nd6+ Kxf6 43. Nxb7 Ke5
44. b5 Kd5 45. b6 axb6 46. cxb6 c5 $13) 39... Qf4 40. Qc7 $14) 37. Qd4 Bf8 38.
Kg3 Be7 39. f4 Qb1 40. Nf3 $1 $18 {Depriving black his last chance to fight
for a draw.} Bf8 41. Qc4 Qf5 42. Ne5 a6 43. a4 Be7 44. a5 h6 45. Qd4 hxg5 46.
hxg5 Qb1 47. Nf3 Qb3 48. Qd7 Bf8 49. g6 e5 50. fxe5 Qd5 51. e6 {Great play by
the Russian grandmaster!} 1-0

[Event "Sigeman & Co 12th"]
[Site "Malmo/Copenhagen"]
[Date "2004.05.01"]
[Round "2"]
[White "Rozentalis, Eduardas"]
[Black "Hillarp Persson, Tiger"]
[Result "0-1"]
[WhiteElo "2619"]
[BlackElo "2513"]
[Annotator "Finkel,A"]
[PlyCount "120"]
[EventDate "2004.04.30"]
[EventType "tourn"]
[EventRounds "9"]
[EventCountry "SWE"]
[EventCategory "13"]
[SourceTitle "CBM 101"]
[Source "ChessBase"]
[SourceDate "2004.07.27"]
[SourceVersion "1"]
[SourceVersionDate "2004.07.27"]
[SourceQuality "1"]

1. e4 e6 2. d4 d5 3. Nd2 dxe4 4. Nxe4 Bd7 5. Nf3 Bc6 6. Bd3 Nd7 7. O-O Ngf6 8.
Ned2 Be7 9. c4 a5 $5 {Usually black prefers to play this move only after the
castle, but slight change in the move order doesn't really matter.} (9... O-O
10. b3 b6 (10... Bxf3 11. Nxf3 c6 (11... c5 12. Bb2 cxd4 13. Nxd4 Bc5 14. Nf3
Re8 15. Ng5 Qb6 16. Nxh7 Nxh7 17. Bxh7+ Kxh7 18. Qxd7 Kg8 19. Qd3 $16 {Yagupov,
I-Itkis,B/Alushta 2000}) 12. Bb2 Qa5 13. a3 b5 $2 14. Ne5 Rfc8 15. Nxd7 Nxd7 {
[#]} 16. d5 $16 {Watson,W-Teske,H/Porz 1993}) 11. Bb2 Bb7 12. Qe2 Re8 13. Rad1
Bf8 (13... c5 14. dxc5 bxc5 15. Ng5 Qc7 16. f4 Rad8 17. Ndf3 Bxf3 18. Rxf3 g6
$13 {De Firmian,N-Holst,A/Copenhagen 2003}) 14. Ne5 Qe7 15. Ndf3 h6 16. Rfe1
Rad8 17. Bb1 Nxe5 18. Nxe5 g6 19. h3 Bg7 $132 {Iordachescu,V-Burmakin,V/Berlin
1997}) 10. b3 a4 11. Bb2 O-O 12. Qc2 $6 {This continuation isn't very
dangerous for black. More appealing is 12.Bc3 followed by 13.N:b3, which was
tried by De Firmian:} (12. Qe2 {1/2-1/2 Milu,R-Ionescu,C/Bucharest 1998/CBM 64
(12)}) (12. Bc3 axb3 13. Nxb3 $5 Bxf3 14. Qxf3 c6 15. a4 Qc7 16. Rfe1 Rfd8 17.
g3 Bf8 18. h4 h5 19. Re2 $14 {De Firmian,N-Christiansen,L/Seattle 2002}) 12...
h6 13. Rad1 axb3 (13... Qb8) 14. axb3 Qb8 $1 {[%csl Rb3] Showing a deep
understanding of the position. White pawn on b3 is about an only weakness in
his camp, so black is preparing to attack it.} 15. Ne5 Nxe5 16. dxe5 Nd7 17.
Be4 (17. Bh7+ Kh8 18. Be4 Nc5 19. Bxc6 bxc6) (17. Ra1 Nc5 18. Rxa8 Qxa8 19. Ra1
Qd8 20. Bf1 Bg5 21. Rd1 Qe7 22. g3 Bxd2 23. Rxd2 Ne4 24. Rd1 Ng5 $11) 17... Nc5
18. Bxc6 bxc6 $13 19. Bc3 $6 {Appearently white either overestimates his
chances or doesn't feel the danger.} (19. Bd4 Rd8 20. Qc3 Ra3 21. Rb1 Qb7 22.
Rfd1 $11) 19... Rd8 20. Rb1 Ra3 21. b4 Na4 22. Ba1 (22. Ne4 $6 Nxc3 23. Nxc3
Bxb4 24. Ne4 Ra5 $1 $15 {[%cal Gc6c5]}) 22... c5 23. b5 Qa8 $1 {[%csl Ra1]} 24.
Ne4 (24. Rfd1 Nb6 25. Bb2 Rad3 $15) 24... Nb6 25. Qe2 Ra4 26. Rbc1 Nxc4 $1 27.
Rfe1 Nb6 28. Bc3 Bg5 $6 29. Nxg5 (29. Rc2) 29... hxg5 30. h3 $6 (30. Qe3 Nd5
31. Qxg5 (31. Qxc5 $2 Nf4 32. Qc6 Nd3 $19) 31... Rb8 32. Bd2 Rxb5 33. h4 Qf8
34. h5 Rb2 $15) 30... Nd5 31. Qh5 g4 32. Bd2 gxh3 33. Qxh3 Rb8 34. Rxc5 Rd4 35.
Bg5 $2 (35. Bc3 Nf4 36. Qf3 (36. Qg3 Re4 $1 37. Rxe4 Qxe4 38. Qf3 Qxf3 39. gxf3
Ne2+ 40. Kg2 Nxc3 41. Rxc3 Rxb5 42. Rxc7 Rxe5 $17) 36... Qxf3 37. gxf3 Rd5 38.
Rxc7 Rdxb5 39. Kh2 $11) 35... Qa4 $1 36. Rcc1 Qxb5 37. Qg3 Qd3 38. f3 Qg6 $19
39. Re2 Rb1 40. Rxb1 Qxb1+ 41. Re1 Rd1 42. Rxd1 Qxd1+ 43. Kh2 Qc2 44. Bf6 Qh7+
45. Kg1 c5 46. Bh4 Qb1+ 47. Qe1 Qxe1+ 48. Bxe1 Kf8 49. Kf2 Ke7 50. g3 Kd7 51.
f4 Kc6 52. Kf3 c4 53. Ke4 Kc5 54. f5 c3 55. fxe6 fxe6 56. Kd3 Kb5 57. g4 Kb4
58. Kd4 g5 59. Kd3 Kb3 60. Kd4 Nf4 0-1

[Event "Karadjordje Serbia"]
[Site "Topola"]
[Date "2004.05.14"]
[Round "11"]
[White "Pavasovic, Dusko"]
[Black "Jeremic, Veljko"]
[Result "1/2-1/2"]
[WhiteElo "2591"]
[BlackElo "2490"]
[Annotator "Finkel,A"]
[PlyCount "66"]
[EventDate "2004.05.04"]
[EventType "tourn"]
[EventRounds "11"]
[EventCountry "YUG"]
[EventCategory "13"]
[SourceTitle "CBM 101"]
[Source "ChessBase"]
[SourceDate "2004.07.27"]
[SourceVersion "1"]
[SourceVersionDate "2004.07.27"]
[SourceQuality "1"]

1. e4 e6 2. d4 d5 3. Nd2 dxe4 4. Nxe4 Nd7 5. Bd3 Ngf6 6. Qe2 c5 7. Nxf6+ Nxf6
8. dxc5 Bxc5 9. Bd2 {Quite dangerous plan, which, however, wasn't carried out
properly by white in this game.} O-O 10. O-O-O Qc7 {After the tournament in
Wijk an Zee in 2002, in which 10...Qd5?! was unsuccessfully tested by black 3
times, a move in the game appears to be an only alternative.} (10... Qd5 $6 11.
Kb1 (11. Bc3 Qg5+ 12. Kb1 Nd5 13. Be5 $14 {Sadler,M-Miles,A/Hove 1997/CBM 61})
11... Qxg2 12. Nf3 Qxf2 13. Qe5 Qxf3 (13... Be7 14. Rdf1 Qc5 15. Qg3 Nh5 16.
Qh3 g6 17. Rhg1 Nf4 18. Bxf4 e5 19. Qh6 exf4 20. Rg5 {1-0 Khalifman,A-Bareev,E/
Wijk aan Zee 2002}) 14. Qxc5 b6 15. Qg5 h6 16. Qh4 Qh5 17. Qg3 Kh8 18. Rhg1 $44
{Ivanisevic,I-Supatashvili,K/Panormo 1998/CBM 67}) 11. Nf3 b6 12. Ne5 Bb7 13.
Rhe1 (13. Kb1 Rfd8 14. f4 Rd4 15. Rhf1 (15. c3 Rd6 $5 16. b4 Rxd3 17. Nxd3 Bd6
18. Kb2 $14) 15... Rad8 16. g4 a5 (16... Be4 17. Bc3 Bxd3 18. Nxd3 Re4 19. Qg2
$14) 17. g5 Ne4 18. Be3 R4d6 $132) (13. Rhg1 Rfd8 14. g4 Rac8 15. g5 Nd5 16.
Rg3 Bd4 17. f4 Ba6 18. c3 Bxe5 19. fxe5 Bxd3 $132 {Ris,R-Meier,G/Pulvermuehle
2003}) (13. f4 Rac8 14. Rhf1 Rfd8 15. Kb1 Bd4 16. g4 Ba6 17. c3 Bxd3+ 18. Nxd3
Bc5 $13 {Korbut,E-Bystryakova,E/Elista 2003}) 13... Rac8 14. Kb1 Rfd8 15. f4
Rd6 16. c3 {[%csl Rd3] I don't like this move, weakening crucial d3 square,
although even after 16.c3 white seems to have good chances to fight for the
advantage.} (16. g4 $5 Nd5 17. g5 Rcd8 18. h4 b5 19. h5 $14) 16... Rcd8 17. Bc1
(17. Bc2 g6 18. b4 {[%csl Rc3]} Rxd2 19. Rxd2 Bd6 20. c4 $2 Bxb4 21. Rxd8+ Qxd8
22. Rd1 Qe7 $132 {Nedev,T-Supatashvili,K/Leon 2001}) (17. b4 $5) 17... Ne4 $1 {
[%cal Ge4f2] Black is looking for a way to simplify the position.} 18. Bc2 Rxd1
(18... b5 $5 19. Rxd6 Nxd6 20. g4 Bd5 21. Qd3 g6 22. f5 Nc4 23. Nxc4 Bxc4 24.
Qh3 $13) 19. Rxd1 Rxd1 20. Qxd1 Nf6 21. Qe2 Qd8 22. g4 g6 23. h4 {May be more
challenging for black was} (23. g5 $5 Nh5 (23... Nd7 $2 24. Qd3 $18) 24. Ng4
Qd5 25. c4 Qd6 26. f5 $36) 23... Qd5 24. g5 Nd7 25. Nxd7 (25. Ng4 $5) 25...
Qxd7 26. Be3 $6 {Giving up an idea to fight for a win.} (26. h5 Qd5 27. h6 $14)
26... Bxe3 27. Qxe3 Qd5 $11 28. b4 Qh1+ 29. Kb2 Qxh4 30. Qe5 Bd5 31. Qb8+ Kg7
32. Qc7 Qf2 33. Qe5+ Kg8 1/2-1/2

[Event "Chigorin Memorial 07th"]
[Site "St Petersburg"]
[Date "1999.11.07"]
[Round "6"]
[White "Asrian, Karen"]
[Black "Feoktistov, Alexey A"]
[Result "1/2-1/2"]
[WhiteElo "2575"]
[BlackElo "2359"]
[Annotator "Finkel,A"]
[PlyCount "102"]
[EventDate "1999.11.02"]
[EventType "swiss"]
[EventRounds "9"]
[EventCountry "RUS"]
[SourceTitle "CBM 074"]
[Source "ChessBase"]
[SourceDate "2000.02.01"]
[SourceVersion "1"]
[SourceVersionDate "2000.02.01"]
[SourceQuality "1"]

1. e4 e6 2. d4 d5 3. Nd2 dxe4 4. Nxe4 Nd7 5. Bd3 Ngf6 6. Qe2 c5 7. Nxf6+ Nxf6
8. dxc5 Bxc5 9. Bg5 (9. Nf3) (9. Bd2 $5 O-O 10. O-O-O Qd5 11. Bc3 $6 Qg5+ $5
12. Kb1 Nd5 13. Be5 Qxg2 14. Qh5 f5 $6 15. Nf3 Qg4 16. Rhg1 $3 $36 {Sadler,
M-Miles,A/ch-GBR (Playoff), Hove ENG 1997 (35)}) (9. Nf3 O-O 10. Bg5 h6 11. h4
$1 Qa5+ 12. Bd2 Qa4 13. Ne5 Qd4 14. c3 Qd5 15. O-O-O $1 Qxa2 16. g4 Qa1+ 17.
Kc2 Qa4+ 18. Kb1 $16 {Rublevsky,S-Zakharevich,I/St.Petersburg Petrov 1996 (24)}
) 9... Qa5+ 10. Bd2 Qb6 (10... Qc7 11. Nf3 O-O (11... Bd7 $5) 12. O-O-O $1 b6
13. Ne5 Bb7 14. f4 (14. Rhe1 Rac8 15. Kb1 Rfe8 16. g4 Nd5 $13 {Korneev,
O-Zlochevskij,A/RUS-Cup8 1997}) 14... Rfd8 (14... Nd5 15. Rhf1 $1 Nb4 $6 16.
Bxb4 $5 Bxb4 17. g4 Rad8 18. g5 Bd6 19. h4 $36 {Fedorov,A-Daschian,N/RUS-Cup02
1998}) 15. Kb1 Rac8 16. Rhf1 $1 $36 {Glek,I-Nogueiras,J/Linares op 1996}) (
10... Bb4 11. c3 Be7 12. Nf3 O-O 13. O-O Rd8 14. Ne5 Bd7 15. c4 Qb6 16. b4 Qd4
17. Rac1 a5 18. Bc3 $14 {Nevednichy,V-Negulescu,A/Cupa Dinamo 1998}) 11. O-O-O
Bd7 12. Nh3 $5 (12. f4 O-O-O 13. Nf3 Ng4 14. Ng5 f5 15. Nf7 Nf2 16. Nxh8 Rxh8
$132 {Lastin,A-Feoktistov,A/Voronezh op 1998}) 12... h6 13. Qe1 $6 {[%cal
Gd2a5] Dubious decision:white prevents black from castling queenside,but
working very hard in this direction finds himself in troubles.} (13. Bc3 O-O-O
14. Qf3 Bc6 15. Qg3 Rhg8 $11) 13... a5 $5 (13... O-O-O $2 14. Ba5) 14. Bc3 Bb4
15. a3 ({After} 15. Bxb4 $6 axb4 16. Bc4 O-O 17. f4 Qc5 18. Bb3 Ba4 $36 {
white is in danger.}) 15... Bxc3 16. Qxc3 Rc8 17. Qe5 O-O $132 18. f3 $6 Ba4 $1
{[%csl Rc2]} 19. Rd2 Rfd8 $1 {Black pieces are perfectly placed,while white
ones seriously lack coordination.} (19... Rc5 $5 20. Qf4 Bb5 21. Rhd1 Bxd3 22.
Rxd3 Nd5 23. Qd2 Rfc8 24. c3 Qb3 25. Qc2 Qa2 $36) 20. Qe2 Nd5 $17 {[%cal Gb6b3]
Preparing Qb3.} (20... Qb3 $6 21. Kb1) 21. Qe4 Qb3 22. Rdd1 (22. Qh7+ $2 Kf8
23. Rdd1 (23. Qh8+ $4 Ke7 24. Qxg7 Qa2 25. b3 Nc3 $1 $19) 23... Qa2 $17) 22...
Ne3 $2 {Missing nice possibility to reach a decisive advantage after} (22...
Nf6 $1 23. Kb1 $8 Nxe4 24. cxb3 Bxb3 $1 (24... Nc5 25. bxa4 Nxd3 26. Rd2 Nc5
$15) 25. fxe4 Rxd3 $1 $19) 23. Qh7+ {Now white manages to hold on.} Kf8 24.
Qh8+ Ke7 25. Qxd8+ $1 Kxd8 26. Bc4+ Nxd1 27. Rxd1+ Ke7 28. Bxb3 Bxb3 29. Rd2
$15 {Black still keeps some prssure,but the worst is behind.} g5 $5 30. Nf2 {
[%cal Gf2d1,Gd1c3]} f5 31. Nd1 h5 (31... Bd5 $5 32. Ne3 Bc6 33. Kd1 h5 34. Ke2
f4 $15) 32. Nc3 Bc4 33. Kd1 h4 34. Ke1 b5 35. Nd1 Bd5 36. Kf2 h3 37. g3 Bb7 38.
Ne3 f4 $6 {Black tries to hard playing for a win} 39. gxf4 gxf4 40. Ng4 e5 $6 (
40... Rg8) 41. c3 $6 ({Why not} 41. Nxe5 Rg8 42. Rd7+ (42. Ng4 Bc8 43. Ke2 Rg5
44. b3 $14) 42... Ke6 43. Rxb7 Rg2+ 44. Kf1 Kxe5 45. Re7+ Kd5 46. Re2 $14 {
with a pawn up?}) 41... b4 $6 (41... Ke6) 42. axb4 axb4 43. cxb4 Rc1 44. Nxe5 (
44. Re2 $5) 44... Kf6 {The rest of thegame is quiet funny so I suppose that
there was a mistake in the scoresheet!} (44... Rh1 $5 45. Rd7+ (45. Ng4 Ba6 46.
Re2+ Bxe2 47. Kxe2 Rb1 $17) (45. Ng6+ Kf6 46. Nxf4 Rxh2+ 47. Ke3 Rxd2 48. Kxd2
h2 49. Nh5+ Kg5 50. Ng3 Kf4 51. Nh1 Bxf3 $19) 45... Ke6 46. Rxb7 Rxh2+ 47. Kg1
Rg2+ 48. Kh1 Kxe5 49. Re7+ Kf6 $11) 45. Ng4+ Kf5 (45... Ke6 46. Re2+ Kf5 47.
Re5+ Kg6 48. b5 Rc2+ 49. Re2 Rc5 $16) (45... Kg5 46. Re2 Bd5 47. Re5+ Kh4 48.
Rxd5 Rc2+ 49. Ke1 Re2+ 50. Kd1 Re1+ 51. Kc2 Re2+ 52. Kd3 Rd2+ 53. Ke4 $18) 46.
Re2 Bd5 (46... Kg5 47. Re5+ Kg6) 47. Re5+ Kg6 48. Re1 Rc2+ 49. Re2 Rc1 50. Re1
Rc2+ 51. Re2 Rc1 1/2-1/2

[Event "Capablanca Memorial Elite 39th"]
[Site "Havana"]
[Date "2004.05.06"]
[Round "1"]
[White "Bruzon Batista, Lazaro"]
[Black "Arencibia Rodriguez, Walter"]
[Result "1/2-1/2"]
[WhiteElo "2602"]
[BlackElo "2505"]
[Annotator "Finkel,A"]
[PlyCount "130"]
[EventDate "2004.05.06"]
[EventType "tourn"]
[EventRounds "11"]
[EventCountry "CUB"]
[EventCategory "13"]
[SourceTitle "CBM 101"]
[Source "ChessBase"]
[SourceDate "2004.07.27"]
[SourceVersion "1"]
[SourceVersionDate "2004.07.27"]
[SourceQuality "1"]

1. e4 e6 2. d4 d5 3. Nc3 h6 $6 {I can just say about this move "Don't try it
at home"!} 4. Nf3 ({In my opinion} 4. a3 $5 {[%csl Gb4] would be highly
unpleasent for black.}) 4... Nf6 5. Bd3 Bb4 (5... Nc6 6. O-O Be7 7. e5 Nd7 8.
Be3 Nb4 9. Be2 c5 10. a3 Nc6 $13 {Barskij,A-Sebald,R/Dortmund 1999}) (5... c5
6. e5 Nfd7 7. O-O Nc6 8. dxc5 Bxc5 9. Qe2 a6 10. a3 Nd4 11. Nxd4 Bxd4 $132 {
Ries,W-Sefeloge,M/Reil 2000}) 6. e5 Ne4 7. O-O $5 {White is playing in very
agressive fashion. However, it worth to mention, that after} (7. Bd2 Bxc3 8.
bxc3 c5 9. Qe2 Nxd2 10. Qxd2 Nc6 11. O-O Qa5 12. dxc5 Qxc5 $13 {the position
is not very clear.}) 7... Nxc3 8. bxc3 Bxc3 9. Rb1 a5 (9... c5 10. dxc5 Qa5 11.
Rb3 Nc6 $13) 10. Rb3 Bb4 11. c4 b6 {For some reason black insists not to take
on c4, even though it was called for.} (11... dxc4 12. Bxc4 Nd7 13. a3 Be7 14.
Qe2 Nb6 15. Bd3 Nd5 $13) 12. Qc2 Be7 $6 {Missing the second chance to take on
c4 with playable position.} (12... dxc4 13. Bxc4 Bb7) 13. cxd5 exd5 14. Bb5+
Kf8 $8 (14... Bd7 $143 $6 15. e6 Bxb5 16. exf7+ Kxf7 17. Ne5+ Kg8 18. Rxb5 $36
{[%csl Rd5,Rg8]}) 15. Be3 (15. Bf4) 15... Bd7 16. Bxd7 Qxd7 17. e6 Qc6 $1 (
17... Qxe6 18. Qxc7 Nd7 19. Bf4 $16 {[%cal Gf1e1]}) 18. Rc3 Qxe6 19. Rxc7 Na6
20. Rc6 Nb4 21. Rxe6 Nxc2 22. Rxb6 $16 {The endgame is very tough for black
due to extremly passive position of the rook on h8.} Kg8 (22... Nb4 23. a3 Nc2
24. Rc1 Nxa3 25. Ra6 Rd8 26. Ne5 $14) 23. Rc1 Nxe3 24. fxe3 Kh7 25. Rb7 Rhe8
26. Rcc7 Bf8 27. Ne5 (27. Kf2 $5 f6 28. Ne1 $1 Rab8 29. Nd3 Rxb7 30. Rxb7 Rc8
31. Nf4 $16) 27... Rac8 28. Rxf7 Rc2 29. Nd7 (29. a4 $5 Ra2 30. h4 Rxa4 31. h5
Ra1+ 32. Kh2) 29... Be7 30. Ne5 Bf8 31. h4 Rxa2 32. h5 Ra1+ 33. Kf2 (33. Kh2)
33... Kg8 34. Ng6 $5 (34. Rfd7 a4 35. Rxd5 a3 36. Ra7 Rb8 37. Kf3 $18) 34...
Rb1 $5 35. Ra7 $6 (35. Rxg7+ Bxg7 36. Rxb1 $18) 35... Rb6 36. Rfd7 Rf6+ 37. Ke2
Rfe6 38. Nxf8 (38. Ne5) 38... Rxe3+ 39. Kf2 Re2+ 40. Kg1 Kxf8 41. Rf7+ Kg8 42.
Rxg7+ Kh8 43. Rh7+ Kg8 44. Rag7+ $6 (44. Rxh6) 44... Kf8 45. Rd7 R2e7 46. Rdxe7
(46. Rhxe7 Rxe7 47. Rxd5 Ra7 $11) 46... Rxe7 47. Rxh6 Ra7 48. Rd6 a4 49. Rxd5
a3 50. Rf5+ Kg7 51. Rf1 Kh6 52. Ra1 Kxh5 (52... Rd7 $2 53. Rxa3 Rxd4 54. Ra5
Rh4 55. Kf2 Rh1 (55... Rxh5 $2 56. Rxh5+ Kxh5 57. Kf3 $18) 56. Kf3 Rb1 57. g4
$18) 53. Kf2 Kg4 54. Ke3 a2 55. Ke4 Kg3 56. d5 Re7+ 57. Kf5 Re2 58. d6 Rd2 59.
Ke6 Re2+ 60. Kf7 Rd2 61. Ke7 Re2+ 62. Kd8 Rd2 63. d7 Kg4 (63... Kxg2 $4 64. Ke7
Re2+ 65. Kf6 Rd2 66. Rxa2 $18) 64. Ke7 Re2+ 65. Kf6 Rd2 1/2-1/2